000 00539pab a2200193 454500
008 180718b2009 xxu||||| |||| 00| 0 eng d
100 _aRocca, Michael S.
245 _aThe role of personal attributes in African American roll-call voting behavior in congress
260 _c2009
300 _ap.408-14.
362 _aJun
650 _aUnited States.Congress - Election
650 _aElections
700 _aNikora, Ron
700 _aSanchez, Gabriel R.
773 _aPolitical Research Quarterly
908 _aN
909 _a82970
999 _c82970
_d82970